1917 1967 1738 1024 1397 1371 1322 1605 1752 1138 1993 1361 1425 1550 1404 1792 1760 1496 1788 1387 1333 1533 1131 1781 1933 1113 1602 1512 1433 1547 1903 1157 1097 1160 1174 1069 1306 1164 1741 1321 1864 1599 1909 1493 1171 1178 1378 1736 1990 1360 1443 1672 1031 1187 1781 1446 1943 1111 1155 1193 1644 1400 1708 1498 1032 1862 1287 1224 1369 1091 1920 1795 1583 1715 1510 1064 1280 1175 1601 1686 1531 1108 1080 1137 1745 1600 1767 1528 1300 1088 1150 1964 1618 1418 1812 1853 1651 1161 1294 BCNSPRNW ULIB Ver.6.0+V

เปลี่ยนเป็นภาษาไทย

Change to English
 แสดงรายละเอียดบรรณานุกรม
  กลับหน้าหลัก

Brief Record : Get Marc (ISO 2709) : E-mail record : QR code < ปิดหน้าต่าง
LEADER : 00000nam 2200000uu 4500
001    13399107989
003     ULIB
008    110214s2544||||th 000 0 tha d
020    9746113453(ล.1)
060  4 WY154^bส719อ ล.1 2544
110 1  มหาวิทยาลัยสุโขทัยธรรมาธิราช^bสาขาวิชาวิทยาศาสตร์สุขภาพ
245 00 เอกสารการสอนชุดวิชากรณีเลือกสรรการพยาบาลฉุกเฉินและวิกฤต หน่วยที่1-8=^bSelected case study on emergency and critical nursing/^cพรจันทร์ สุวรรณชาตและคณะ
246 31  Selected case study on emergency and critical nursing
250    พิมพ์ครั้งที่ 14
260    นนทบุรี:^bศูนย์หนังสือมหาวิทยาลัยสุโขทัยธรรมาธิราช,^c2544
300    595 หน้า
650  7 การพยาบาลฉุกเฉิน
650  7 ปฐมพยาบาล
700 0  พาณี สีตกะลิน,^eบรรณาธิการ
710 2  มหาวิทยาลัยสุโขทัยธรรมาธิราช^bสาขาวิชาวิทยาศาสตร์สุขภาพ
945    ^p0^l0^i018559
945    ^p0^l0^i018560
995    ทศพร
999 ^a ใช้งานได้ทุกระบบ
รายการนี้ยังไม่มีแท็ก
คุณยังไม่ได้ล็อกอิน คุณสามารถมีกิจกรรมร่วมกับเว็บไซต์ได้ แต่ต้องล็อกอินก่อน ::
  ล็อกอิน

รายการสื่อสารสนเทศ

ลำดับที่ ประเภท เลขเรียก/บาร์โค้ด สถานที่ สถานะ
- ไม่พบข้อมูล -

รายการใกล้เคียง
    หัวเรื่อง [การพยาบาลฉุกเฉิน]
    หัวเรื่อง [ปฐมพยาบาล]

BibComment


ยังไม่เคยถูกคอมเมนท์

คอมเมนท์ทรัพยากรรายการนี้
  คอมเมนท์: เอกสารการสอนชุดวิ..


 Copyright 2026. Bcnsprnw @Library